Statistiques concernant Capitales d'Europe

Cliquez ici pour prendre le quiz!

Statistiques générales

  • Ce quiz a été pris 339 fois
  • Le résultat moyen est 33 sur 44

Statistiques - réponses

PaysCapitale% Correct
AllemagneBerlin
98%
FranceParis
97%
EspagneMadrid
96%
BelgiqueBruxelles
95%
ItalieRome
95%
AutricheVienne
94%
Royaume-UniLondres
94%
LuxembourgLuxembourg
92%
IrlandeDublin
91%
PortugalLisbonne
91%
GreceAthenes
91%
RussieMoscou
89%
NorvegeOslo
88%
MonacoMonaco
88%
Pays-BasAmsterdam
87%
Cité du VaticanVatican
86%
HongrieBudapest
84%
RoumanieBucarest
83%
SuisseBerne
82%
DanemarkCopenhague
82%
PologneVarsovie
82%
BulgarieSofia
80%
Republique TchequePrague
79%
Saint MarinSaint Marin
78%
FinlandeHelsinki
77%
SuedeStockholm
77%
UkraineKiev
77%
AndorreAndorre-la-Vieille
74%
CroatieZagreb
69%
LettonieRiga
68%
BosnieSarajevo
68%
BielorussieMinsk
68%
MalteLa Valette
67%
AlbanieTirana
66%
IslandeReykjavik
66%
SlovaquieBratislava
61%
LituanieVilnius
60%
SerbieBelgrade
54%
EstonieTallinn
52%
MacedoineSkopje
47%
LiechtensteinVaduz
47%
ChypreNicosie
45%
MoldavieChisinau
39%
SlovenieLjubljana
38%

Distribution des résultats

Percentile par nombre de réponses

% des personnes avec chaque résultat

Votre développement - résultats

Vous n’avez pas pris ce quiz